| 000 | 00878cam a2200277 a 4500 | ||
|---|---|---|---|
| 001 | 52043 | ||
| 003 | BD-RjUL | ||
| 005 | 20211209075739.0 | ||
| 008 | 160905s1990 ii b 001 0 eng | ||
| 020 |
_a8185195285 : _cRs100.00 |
||
| 035 | _a(BD-RjUL)52163 | ||
| 040 |
_aDLC _cDLC _dDLC _beng |
||
| 041 | _aeng | ||
| 082 |
_223 _a331.880954 _bROT 1990 |
||
| 100 | 1 |
_aRoy, Dipti Kumar. _9155642 |
|
| 245 | 1 | 0 |
_aTrade union movement in India : _brole of M.N. Roy / _cDipti Kumar Roy. |
| 260 |
_aCalcutta, India : _bMinerva, _c1990. |
||
| 300 |
_a146 p. ; _c24 cm. |
||
| 500 | _aIncludes index. | ||
| 504 | _aIncludes bibliographical references (p. [137]-143). | ||
| 600 | 1 | 0 |
_aRoy, M. N. (Manabendra Nath), _d1887-1954. _9132101 |
| 610 | 2 | 0 |
_aIndian Federation of Labour _9155643 |
| 610 | 2 | 0 |
_aLabor unions _zIndia _9155644 |
| 942 |
_2ddc _cBK |
||
| 999 |
_c52043 _d52043 |
||